000 00729nam a22002777a 4500
001 0000836
003 KOHA_MİRAKIL
005 20260207001222.0
007 ta
008 081212b2008 tu |||gr||||#0|||1|tur |
020 _a9754711674
_cYTL30,475
040 _aTR-BiSEU
_btur
_cTR-BiSEU
_erda
041 0 _atur
044 _ctu
050 _aPE1128
_b.I54 2008
245 0 _aİngilizce çeviri tekniği.
264 1 _aİstanbul :
_bFono Yayınları
_c2008
300 _a700 sayfa
336 _ametin
_btxt
_2rdacontent
337 _aaracısız
_bn
_2rdamedia
338 _acilt
_bnc
_2rdacarrier
650 0 _aİngiliz dili--Çeviri.
_93396
650 0 _aİngiliz dili--Dilbilgisi.
_93397
907 _aDil
942 _2lcc
_cBK
999 _c831
_d831